|
|
|
|
| LEADER |
01003nam a22002657i 4500 |
| 001 |
1635186 |
| 003 |
GR-PaULI |
| 005 |
20210117210309.0 |
| 008 |
140723s2014 - |||||| ||||| |eng|c |
| 020 |
|
|
|a 9780415854702
|q (pbk.)
|
| 040 |
|
|
|b GR-PaULI
|a gre
|c GR-PaULI
|e AACR2
|
| 041 |
|
7 |
|a gre
|2
|
| 082 |
|
|
|2 23
|a 302.201
|
| 100 |
1 |
|
|a Bohm, David
|9 470
|d 1917-1992
|e συγγραφέας
|
| 245 |
1 |
0 |
|a On dialogue
|c David Bohm
|
| 260 |
|
|
|a London :
|a New York :
|b Routledge,
|c 2014
|
| 300 |
|
|
|a 174 σ. ;
|c 21 εκ.
|
| 490 |
|
|
|a Routledge great minds
|
| 504 |
|
|
|6 Περιλαμβάνει βιβλιογραφία και ευρετήριο
|
| 650 |
|
0 |
|9 159629
|a Διάλογοι
|x Φιλοσοφία
|
| 830 |
|
|
|a Routledge great minds
|9 159628
|
| 942 |
|
|
|2 ddc
|c BK15
|
| 952 |
|
|
|0 0
|1 0
|2 ddc
|4 0
|6 302_201000000000000_BOH
|7 0
|9 209261
|a LISP
|b LISP
|c BSC
|d 2017-01-26
|i 135629
|l 0
|o 302.201 BOH
|p 025000253592
|r 2017-01-26 00:00:00
|t 1
|v 2017.00
|w 2017-01-26
|y BK15
|
| 998 |
|
|
|c ΜΠΟΥΡΑΣ
|d 2017-01
|
| 999 |
|
|
|c 127324
|d 127324
|